000 00643nam a22001937a 4500
005 20210908142156.0
008 130821s1839 fr gr fre
040 _aCo-BoUCM
_bspa
_cSandra Yazo (modificó)
_dSandra Yazo (modificó)
041 0 0 _afre
082 _aFCS 932
_bC41
100 _aChampollion-Figeas, M.,1790-1832
_9105602
245 0 0 _aEgipte Ancienne
_cPar M. Champollion-Figeac
260 _aParís (Francia)
_bFirmin Didot Frères
_c1839
300 _a500 páginas
650 0 4 _aHistoria
_97695
651 _aEgipto
_926935
651 _aEgipto
_xHistoria
_926935
942 _cLIBRO
_a27
_e1
_mC41
_n0
_2DEWEY
_h932
999 _c87369
_d87369